Panorama Centroamericano : temas y documentos de debate /
Gespeichert in:
| Körperschaft: | |
|---|---|
| Format: | Buch |
| Sprache: | Spanish |
| Veröffentlicht: |
Guatemala :
INCEP
|
| Schlagworte: | |
| Tags: |
Tag hinzufügen
Keine Tags, Fügen Sie den ersten Tag hinzu!
|
MARC
| LEADER | 00000nam a22000007a 4500 | ||
|---|---|---|---|
| 003 | cru CIDCACS/IIS | ||
| 005 | 20230207084150.0 | ||
| 008 | 190905b1985 GT ||||| |||| 00| 0 spa d | ||
| 040 | |c cru CRAI/IIS | ||
| 090 | |a REV0731 | ||
| 110 | 1 | |9 10900 |a Instituto Centroamericano de Estudios Políticas | |
| 245 | 1 | |a Panorama Centroamericano : |b temas y documentos de debate / |c Instituto Centroamericano de Estudios Políticas (INCEP) | |
| 260 | |a Guatemala : |b INCEP | ||
| 310 | |a Bimensual | ||
| 500 | |a Colección Centroamérica | ||
| 500 | |a EXISTENCIAS : 1986 (2-6) 1987 (7-12) 1988 (13-18) 1989 (19-24) 1990 (25-30) 1991 (31-36) 1992 (37-42) 1993 (43-48) 1994 (49-54) 1995 (55, 57-58, 60) 1996 (63-64, 66) 1998 (3-4) | ||
| 650 | 0 | |9 143 |a ECONOMIA | |
| 650 | 0 | |9 3691 |a POLITICA | |
| 650 | 0 | |9 632 |a ASPECTOS SOCIALES | |
| 651 | 0 | |9 128 |a AMERICA CENTRAL | |
| 942 | |2 ddc |c PP | ||
| 999 | |c 42330 |d 42330 | ||
